Statistics for Sherlock Holmes Quiz

Click here to take the quiz!

General Stats

  • This quiz has been taken 18,832 times
  • The average score is 15 of 20

Answer Stats

QuestionAnswer% Correct
City that Sherlock lives inLondon
98%
His trusty sidekickDr. John Watson
95%
Musical instrument that he playsViolin
91%
Street he lives onBaker
90%
Agency that Inspector Lestrade works for{Scotland} Yard
90%
Fill the blanks in the titles of these Sherlock Holmes novelsThe {Hound} of the Baskervilles
87%
Author who created Sherlock HolmesSir Arthur Conan Doyle
86%
Actor who starred as Sherlock in the recent BBC television seriesBenedict Cumberbatch
80%
His archnemesisProfessor James Moriarty
76%
Word, starting with D, that means "to reach a conclusion by
applying rules of logic to given premises"
Deduce
74%
Word he uses that means "obvious" or "basic"Elementary
73%
Drug which Sherlock injects a 7% solution ofCocaine
69%
Actor who starred as Sherlock in the recent Hollywood movie seriesRobert Downey Jr.
69%
His brother{Mycroft} Holmes
64%
Type of hat he wears{Deer}stalker
59%
Fill the blanks in the titles of these Sherlock Holmes novelsA Study in {Scarlet}
56%
American TV doctor modeled on Sherlock HolmesDr. Gregory House
56%
Sherlock's romantic interest introduced in "A Scandal in Bohemia"{Irene} Adler
53%
Sherlock quote: When you have eliminated the _______, whatever remains,
however improbable, must be the truth
Impossible
52%
His landladyMrs. Hudson
40%

Score Distribution

Percentile by Number Answered

Percent of People with Each Score

Your Score History

You have not taken this quiz